|
|
|
|
| LEADER |
00000nab a2200000 a 4500 |
| 001 |
vtls000795017 |
| 003 |
SK-MaSNL |
| 005 |
20260318133339.0 |
| 008 |
160405c2002 xo 0 hun |
| 015 |
|
|
|a SNBRB2002/05-16889
|
| 035 |
|
|
|a CLN000146672
|
| 040 |
|
|
|a SNKBUCL
|b slo
|c SNKBUCL
|e AACR2
|
| 041 |
0 |
|
|a hun
|
| 044 |
|
|
|a xo
|c SK
|
| 080 |
|
|
|a 930.25(437.6)
|2 1997
|
| 100 |
1 |
|
|a Gaál, László,
|d 1960-
|4 ain
|9 840405
|
| 245 |
1 |
0 |
|a Nem fenyegeti bezárás a vágsellyei levéltárat
|b sürgősen be kell fejezni a felújítási munkákat ...
|c Gaál László
|
| 300 |
|
|
|b Fotogr.
|
| 610 |
2 |
7 |
|a Štátny okresný archív v Galante (Šaľa, Slovensko)
|2 snkbucl
|9 100553
|
| 651 |
|
7 |
|a 405
|2 snkbucl
|9 298699
|
| 655 |
|
7 |
|a články z novín a časopisov
|2 snkbucl
|9 267496
|
| 700 |
1 |
|
|a Novák, Veronika
|4 aut
|4 uin
|9 525235
|
| 773 |
0 |
|
|t Új szó
|g Roč. 55, č. 78 (4.4.2002), s. 15
|
| 850 |
|
|
|a Slovenská národná knižnica v Martine
|
| 852 |
|
|
|a SNK
|b KIS3GCP
|
| 958 |
|
|
|a HU
|
| 958 |
|
|
|a SK
|
| 958 |
|
|
|a RBX
|
| 999 |
|
|
|c 2207721
|d 2209651
|